000 02099cam a2200325 i 4500
003 SA-RiAUC
005 20250925080323.0
008 250920s1997 su g b 00010 ara c
020 _a9960780466
040 _aAE-DuCSA
_bara
_cSA-RiAUC.
_erda
082 0 4 _a809
_qSA-RiAUC
090 _a809
_bب م ب
100 1 _aالبمبي، علي عبد الرؤوف
_eمؤلف.
245 1 2 _aالمقامات وباكورة قصص الشطار الإسبانية :
_bلاثاريو دي تورمس : دراسة مقارنة /
_cعلي عبد الرؤوف البمبي.
264 1 _aالرياض :
_bمؤسسة اليمامة الصحفية،
_c1997
300 _a169 صفحة ؛
_c22 سم.
336 _aنص
_btxt
_2rdacontent
_3كتاب
337 _aبدون وسيط
_bn
_2rdamedia
338 _aمجلد
_bnc
_2rdacarrier
490 0 _aكتاب الرياض ؛
_v48
500 _aحياة لاثاريو دي تورمس هى رواية إسبانية كاتبها مجهول.
504 _aيشتمل على إرجاعات ببليوجرافية.
520 _aكتاب "المقامات وباكورة قصص الشطار الإسبانية : لاثاريو دي تورمس: دراسة مقارنة" من تأليف علي عبد الرؤوف البمبي، يقدم دراسة مقارنة بين المقامات العربية وقصص الشطار الإسبانية، مع التركيز على رواية "لاثاريو دي تورمس" التي تعتبر من أوائل الروايات في الأدب الإسباني. الكتاب يتناول أوجه التشابه والاختلاف بين الأدبين، ويعكس تأثير الأدب العربي على الأدب الإسباني خلال فترة الأندلس.
600 0 7 _aلاثاريو دي تورمِس
_cشخصية خيالية
_2aucnm
650 7 _aالأدب المقارن
_2aucsh
650 7 _aالمقامات العربية
_xتاريخ ونقد
_2aucsh
650 7 _aالقصة الإسبانية
_xتاريخ ونقد
_2aucsh
942 _2ddc
_cBOOK
_n0
949 _aSA-JeALM
_d250920
_umohamedma123
_n1
999 _c12090
_d12090